书目信息 |
| 题名: |
WTO与保险营销
|
|
| 作者: | 程寨华 编 | |
| 分册: | ||
| 出版信息: | 武汉 湖北人民出版社 2001.10 |
|
| 页数: | 405页 | |
| 开本: | 24cm | |
| 丛书名: | ||
| 单 册: | ||
| 中图分类: | F840.4 | |
| 科图分类: | ||
| 主题词: | 保险 | |
| 电子资源: | ||
| ISBN: | 7-216-03153-9 | |
| 000 | 00565nam0 2200181 450 | |
| 001 | 202410111612146250 | |
| 005 | 20241015142401.35 | |
| 010 | @a7-216-03153-9@d¥21.20 | |
| 100 | @a20241011d km y0chiy0120 ea | |
| 101 | 0 | @achi |
| 200 | 1 | @aWTO与保险营销@AWTO Yu Bao Xian Ying Xiao@f程寨华等编@FCheng Zhai Hua Deng Bian |
| 210 | @a武汉@c湖北人民出版社@d2001.10 | |
| 215 | @a405页@d24cm | |
| 606 | 0 | @a保险 |
| 690 | @aF840.4@v4 | |
| 701 | 0 | @a程寨华@ACheng Zhai Hua@4编 |
| 801 | 0 | @aCN@b大连网信软件有限公司图书馆·11@c20241015 |
| 905 | @aZUCC@b1423019@dF840.4@e209@f1 | |
| WTO与保险营销/程寨华等编.-武汉:湖北人民出版社,2001.10 |
| 405页;24cm |
| ISBN 7-216-03153-9:¥21.20 |
| ● |
| 相关链接 |
|
|
|
|
正题名:WTO与保险营销
索取号:F840.4/209
 
预约/预借
| 序号 | 登录号 | 条形码 | 馆藏地/架位号 | 状态 | 备注 |
| 1 | 1423019 | 214230198 | 密集书库-海洋学院/ [索取号:F840.4/209] | 在馆 |